|
|
|
|
| LEADER |
01915cas a2200241 a 4500 |
| 001 |
AALejournalIMF016556 |
| 008 |
230101c9999 xx r poo 0 0eng d |
| 020 |
|
|
|c 5.00 USD
|
| 020 |
|
|
|z 9781513560564
|
| 022 |
|
|
|a 1934-7685
|
| 040 |
|
|
|a BD-DhAAL
|c BD-DhAAL
|
| 110 |
2 |
|
|a International Monetary Fund.
|b African Dept.
|
| 245 |
1 |
0 |
|a Ghana :
|b Second Review Under the Extended Credit Facility Arrangement and Request for Waiver for Nonobservance of Performance Criterion-Press Release; Staff Report; and Statement by the Executive Director for Ghana.
|
| 264 |
|
1 |
|a Washington, D.C. :
|b International Monetary Fund,
|c 2016.
|
| 300 |
|
|
|a 1 online resource (100 pages)
|
| 490 |
1 |
|
|a IMF Staff Country Reports
|
| 500 |
|
|
|a <strong>Off-Campus Access:</strong> No User ID or Password Required
|
| 500 |
|
|
|a <strong>On-Campus Access:</strong> No User ID or Password Required
|
| 506 |
|
|
|a Electronic access restricted to authorized BRAC University faculty, staff and students
|
| 520 |
3 |
|
|a This paper discusses Ghana's Second Review Under the Extended Credit Facility Arrangement and Request for Waiver for Nonobservance of Performance Criterion (PC). Program implementation has been broadly satisfactory to date, but the economic outlook remains difficult, and risks are tilted to the downside. All PCs were met at end-August 2015, with the exception of the continuous PC on nonaccumulation of external arrears, which was not observed owing to some small payments delays. The IMF staff supports the authorities' request for a waiver for this, given the corrective actions that will be implemented to avoid new external arrears. The IMF staff recommends completion of the second review.
|
| 538 |
|
|
|a Mode of access: Internet
|
| 830 |
|
0 |
|a IMF Staff Country Reports; Country Report ;
|v No. 2016/016
|
| 856 |
4 |
0 |
|z Full text available on IMF
|u http://elibrary.imf.org/view/journals/002/2016/016/002.2016.issue-016-en.xml
|z IMF e-Library
|